| 000 | 00441 a2200157 4500 | ||
|---|---|---|---|
| 020 | _a 8170298911 | ||
| 082 | _a005.133 | ||
| 090 |
_c2037 _d2037 |
||
| 100 | _aKanethar, Yashavant. | ||
| 245 |
_aUnderstanding pointers in C _cYashavant., Kanethar. |
||
| 260 |
_aNew Delhi: _bBPB Publications, _c 2000. |
||
| 300 |
_a310 p. : _bill. ; _c 20 cm. |
||
| 500 | _aIncludes Index | ||
| 650 | _aC (computer program language) | ||
| 942 |
_cBK _k005.133 KAN |
||
| 999 |
_c5975 _d5975 |
||